00878nam a22002537a 45000010005000000030006000050050017000110080041000280200018000690400029000870500019001160820012001351000027001472450037001742500041002112600031002523000023002835050007003065200223003135210018005365210018005546500032005726500020006047291FISKH20250708135918.0250708b cb ||||| |||| 00| 0 eng d a9780689849343 aFISKHbengcFISKHdFISKH aPZ7.M4786574 S a823.914 aMckay, Hilaryd(1959-) aSaffy's angel /cBy Hilary Mckay aThis edition first published in 2003 aNew York :bAladdin,c2001 a152 pages :c20 cm aP  aAfter learning that she was adopted, thirteen-year-old Saffron's relationship with her eccentric, artistic family changes, until they help her go back to Italy where she was born to find a special momento of her past. 8 a630 bLexile 8 aP bRaz-Plus  2Englanda Realistic fiction 2ItalyaAdoption